|
|
|
|
| LEADER |
01629nam a2200289 a 4500 |
| 001 |
GR-Patra25896 |
| 008 |
050210s2003 gr g u000 0 gre d |
| 020 |
|
|
|a 9602104635
|
| 082 |
|
0 |
|a 745.4
|2 22
|
| 100 |
1 |
|
|a Μουζακίτη, Φρύνη,
|d 1964-
|
| 245 |
1 |
0 |
|a Φόρμα :
|b η οπτική γλώσσα στον σύγχρονο σχεδιασμό /
|c Φρύνη Μουζακίτη.
|
| 260 |
|
|
|a Αθήνα :
|b Οδυσσέας,
|c 2003
|
| 300 |
|
|
|a 97 σ. :
|b εικ. ασπρ. & έγχρ.
|
| 500 |
|
|
|a Παράρτημα Πύργου. Τμήμα Πληροφορικής και μέσων μαζικής ενημέρωσης
|
| 610 |
2 |
4 |
|a Παράρτημα Πύργου. Τμήμα Πληροφορικής & Μέσων Μαζικής Ενημέρωσης
|
| 650 |
|
4 |
|a Αναλογία (Τέχνη)
|
| 650 |
|
4 |
|a Οπτική αντίληψη
|
| 650 |
|
4 |
|a ΣΧΕΔΙΑΣΜΟΣ
|
| 650 |
|
4 |
|a ΧΡΩΜΑ
|
| 710 |
0 |
|
|a Οδυσσέας
|
| 942 |
|
|
|2 ddc
|
| 950 |
|
|
|a ΔΙΑΚΟΣΜΗΤΙΚΕΣ ΤΕΧΝΕΣ
|
| 952 |
|
|
|0 0
|1 0
|2 ddc
|4 0
|6 745_400000000000000_MOY
|7 1
|9 308121
|a LISK
|b LISK
|c BSC
|d 2021-01-17
|e 24
|f 0
|g 0.00
|l 0
|o 745.4 MOY
|p 92410041328
|r 2021-01-17 00:00:00
|t 1
|w 2021-01-17
|y BKN
|x 20080611 0 0
|x GrPaTEI
|
| 952 |
|
|
|0 0
|1 0
|2 ddc
|4 0
|6 745_400000000000000_ΜΟΥ
|7 0
|9 365579
|a LISP
|b LISP
|c BSC
|d 2022-11-07
|i 41331
|l 0
|o 745.4 ΜΟΥ
|p 025000296019
|r 2022-11-07 00:00:00
|t 2
|w 2022-11-07
|y BK15
|
| 952 |
|
|
|0 0
|1 0
|2 ddc
|4 0
|6 745_400000000000000_ΜΟΥ
|7 0
|9 365580
|a LISP
|b LISP
|c BSC
|d 2022-11-07
|i 41332
|l 0
|o 745.4 ΜΟΥ
|p 025000295134
|r 2022-11-07 00:00:00
|t 3
|w 2022-11-07
|y BK15
|
| 971 |
|
|
|a .b26734680
|b 16-04-20
|c 26-09-16
|
| 999 |
|
|
|c 177662
|d 177662
|